000 00767nam a22002177a 4500
003 LK-CoMWRAF
005 20231213112821.0
008 231213b2001 |||||||| |||| 00| 0 eng d
020 _a9555820848
040 _aLK-CoMWRAF
_dLK-CoMWRAF
_eLK-CoMWRAF
041 _aeng
082 _a305.89
_bROB
100 _aRoberts, Michael
130 _a A history of ethnic conflict in Sri Lanka: recollection, reinterpretation & reconciliation
245 _aThe burden of history :
_b obstacles to power sharing in Sri Lanka
260 _aColombo:
_bMarga Institute,
_c2001
300 _a36 p. ; 23 cm
_bBibliography included
490 _aMarga monograph series on ethnic reconciliation
_vno. 21
650 _aSinhalese (Sri Lankan people)- Ethnic identity
942 _cBK
999 _c4396
_d4396